Central Library OPAC University of Rajshahi

একই মেরুর দুই নক্ষত্র জিয়াউর রহমান ও খালেদা জিয়া / (Record no. 65752)

MARC details
000 -LEADER
fixed length control field 01084nam a2200253 a 4500
001 - CONTROL NUMBER
control field 65752
003 - CONTROL NUMBER IDENTIFIER
rucl marc code BD-RjUL
005 - DATE AND TIME OF LATEST TRANSACTION
control field 20211209081448.0
008 - FIXED-LENGTH DATA ELEMENTS--GENERAL INFORMATION
fixed length control field 170311s2002 bg a|||| |||| 000 0 ben d
020 ## - INTERNATIONAL STANDARD BOOK NUMBER
International Standard Book Number 9843109880
Terms of availability : Tk. 400.00
035 ## - SYSTEM CONTROL NUMBER
System control number (BD-RjUL)65882
040 ## - CATALOGING SOURCE
Original cataloging agency BD-RjUL
Language of cataloging ben
Transcribing agency BD-RjUL
Modifying agency BD-RjUL
041 ## - LANGUAGE CODE
Language code of text/sound track or separate title ben
082 ## - DEWEY DECIMAL CLASSIFICATION NUMBER
Edition number 23
Classification number 954.9205092
Author mark and year SIE 2002
100 1# - MAIN ENTRY--PERSONAL NAME
Personal name সিংহ, রামকান্ত
9 (RLIN) 188907
245 10 - TITLE STATEMENT
Title একই মেরুর দুই নক্ষত্র জিয়াউর রহমান ও খালেদা জিয়া /
Statement of responsibility, etc. রামকান্ত সিংহ
260 ## - PUBLICATION, DISTRIBUTION, ETC. (IMPRINT)
Place of publication, distribution, etc. ঢাকা :
Name of publisher, distributor, etc. নওরোজ সাহিত্য সংসদ,
Date of publication, distribution, etc. ২০০২
300 ## - PHYSICAL DESCRIPTION
Pagination ৪৯৩ পৃ. ;
Size ২১ সেমি.
600 ## - SUBJECT ADDED ENTRY--PERSONAL NAME
Personal name রহমান, জিয়াউর
Dates associated with a name ১৯৩৬-১৯৮১
Personal name Rahaman, Ziaur
Dates associated with a name 1936-1981
651 ## - SUBJECT ADDED ENTRY--GEOGRAPHIC NAME
Geographic name বাংলাদেশ
General subdivision সরকার ও রাজনীতি
9 (RLIN) 192185
Geographic name Bangaladesh
General subdivision Government and Politics
9 (RLIN) 194448
942 ## - ADDED ENTRY ELEMENTS (KOHA)
Source of classification or shelving scheme Dewey Decimal Classification
Koha item type Books
Holdings
Lost status Source of classification or shelving scheme Damaged status Not for loan Collection code Permanent Location Current Location Shelving location Date acquired Source of acquisition Cost, normal purchase price Total Checkouts Full call number Date last seen Copy number Koha item type
  Dewey Decimal Classification   Not For Loan Non-fiction Central Library, University of Rajshahi Central Library, University of Rajshahi Reading Room 15/09/2003 Dhaka, Paragon Enterprises Ltd 400.00   B 954.9205092 SIE 2002 12/03/2017 C-1 Books